Faculty of Law Library — Cairo University

Official Online Catalog

Selected Readings, commentaries, materials and cases for lectures on conflict of laws & international jurisdictions / (Record no. 64564)

MARC details
000 -LEADER
fixed length control field 00898nam a2200265 i 4500
003 - CONTROL NUMBER IDENTIFIER
control field EG-GICUC
005 - DATE AND TIME OF LATEST TRANSACTION
control field 20260302090844.0
008 - FIXED-LENGTH DATA ELEMENTS--GENERAL INFORMATION
fixed length control field 260302b1999 au ||||fr|||| 00| 0 eng d
040 ## - CATALOGING SOURCE
Original cataloging agency EG-GiCUC
Language of cataloging eng
Transcribing agency EG-GiCUC
Modifying agency EG-GiCUC
Description conventions rda
082 04 - DEWEY DECIMAL CLASSIFICATION NUMBER
Edition number 21
Classification number 341.84
092 04 - LOCALLY ASSIGNED DEWEY CALL NUMBER (OCLC)
Edition number 21
099 ## - LOCAL FREE-TEXT CALL NUMBER (OCLC)
Classification number Law 12 1999
100 1# - MAIN ENTRY--PERSONAL NAME
Personal name Elghatit, Aly Hamed M.
245 10 - TITLE STATEMENT
Title Selected Readings, commentaries, materials and cases for lectures on conflict of laws & international jurisdictions /
Statement of responsibility, etc. by Aly Hamed M. Elghatit.
264 ## - PRODUCTION, PUBLICATION, DISTRIBUTION, MANUFACTURE, AND COPYRIGHT NOTICE
Place of production, publication, distribution, manufacture Cairo :
Name of producer, publisher, distributor, manufacturer Limited Copies,
Date of production, publication, distribution, manufacture, or copyright notice 1999.
300 ## - PHYSICAL DESCRIPTION
Extent various pages :
Dimensions 30 cm
336 ## - CONTENT TYPE
Source rda content
Content type term text
337 ## - MEDIA TYPE
Source rda media
Media type term Computer
338 ## - CARRIER TYPE
Source rda carrier
Carrier type term Online Resource
650 #0 - SUBJECT ADDED ENTRY--TOPICAL TERM
Topical term or geographic name entry element Conflict of laws.
650 #0 - SUBJECT ADDED ENTRY--TOPICAL TERM
Topical term or geographic name entry element Jurisdiction (International law)
856 40 - ELECTRONIC LOCATION AND ACCESS
Uniform Resource Identifier <a href="https://fll.law.cu.edu.eg/fulltext/bks/ENGB12-00050.pdf">https://fll.law.cu.edu.eg/fulltext/bks/ENGB12-00050.pdf</a>
905 ## - Cataloger and Reviser Names
Cataloger Name: Hend El khosy
942 ## - ADDED ENTRY ELEMENTS (KOHA)
Source of classification or shelving scheme Dewey Decimal Classification
Koha item type Books
Edition 21
Suppress in OPAC No
Holdings
Withdrawn status Lost status Source of classification or shelving scheme Damaged status Not for loan Collection Home library Current library Date acquired Total checkouts Full call number Barcode Date last seen Copy number Price effective from Koha item type Public note
    Dewey Decimal Classification     القانون الدولي الخاص جــــامعة القــاهرة مكتبة كلية الحقوق - فـرع الشيخ زايد 02.03.2026   Law2 T B 12 341.84 EL . S 1999 1200050 C1 ENGB12-00050 02.03.2026 1 02.03.2026 Books 1307
    Dewey Decimal Classification     القانون الدولي الخاص جــــامعة القــاهرة مكتبة كلية الحقوق - فـرع الشيخ زايد 02.03.2026   Law2 T B 12 341.84 EL . S 1999 1200051 C2 ENGB12-00051 02.03.2026 2 02.03.2026 Books 1308

© All rights reserved — Faculty of Law, Cairo University